Statistics for 5 Biggest Cities : Hungary

Click here to take the quiz!

General Stats

  • This quiz has been taken 150 times
  • The average score is 4 of 5

Answer Stats

RankCity% Correct
1.Budapest
100%
2.Debrecen
88%
5.Pecs
72%
4.Szeged
70%
3.Miskolc
67%

Score Distribution

Percentile by Number Answered

Percent of People with Each Score

Your Score History

You have not taken this quiz